| 000 | 00435nam a2200157 i 4500 | ||
|---|---|---|---|
| 001 | 62383 | ||
| 003 | ES-MaACL | ||
| 005 | 20230906164646.0 | ||
| 007 | t| | ||
| 008 | 031120s1973 sp ||||1| spa d | ||
| 100 | 1 |
_aFeneis, Heinz. _949245 |
|
| 245 | 1 | 0 |
_aNomenclatura anatómica ilustrada / _cHeinz Feneis. |
| 260 |
_aBarcelona : _bSalvat, _c[1973] |
||
| 300 |
_aVII, 441 p. : _bil. ; _c17 cm. |
||
| 852 |
_aES-MaACL _jC-56072 _bR.88858 |
||
| 999 |
_c62383 _d62383 |
||